000 00456nam a22001937a 4500
003 MPLRDC
005 20220104143551.0
008 210129b ||||| |||| 00| 0 eng d
020 _a962-993-259-8
082 _a857.7 WH-2
100 _a卫慧
245 _a蝴蝶的尖叫
_c
250 _a初版
260 _a
_b天地图书有限公司
_c2000
300 _b
490 _a卫慧私小说
650 _a长篇小说
942 _cBK
_o857.7 WH-2
999 _c41181
_d41171